000 00514nam a2200193Ia 4500
005 20250326143752.0
008 250326s9999 xx 000 0 und d
037 _aTextbook
040 _aFMSL
_beng
_cFMSL
041 _aeng
_2eng
084 _aKS:7 P6
_qFMSL
100 _aPervin L A
_9746153
245 0 _aHandbook of personality
_cPervin L A; John O P
250 _a2
260 _aNew Delhi
_bNew Delhi, Overseas
_c2006
300 _a719p
942 _cTB
_hKS:7 P6
999 _c1300952
_d1300952